| Tag |
First Indicator |
Second Indicator |
Subfields |
| LEADER |
00000nam a2200000 i 4500 |
| 001 |
in00004686830 |
| 006 |
m o d |
| 007 |
cr ||||||||||| |
| 008 |
190701t20202020njua ob 001 0 eng |
| 005 |
20260214233354.6 |
| 010 |
|
|
|a 2019027662
|
| 020 |
|
|
|a 9781119580287
|q electronic book
|
| 020 |
|
|
|a 1119580285
|q electronic book
|
| 020 |
|
|
|a 9781119580294
|q electronic book
|
| 020 |
|
|
|a 1119580293
|q electronic book
|
| 020 |
|
|
|a 9781119580232
|q electronic book
|
| 020 |
|
|
|a 1119580234
|q electronic book
|
| 020 |
|
|
|z 9781119580249 electronic book
|
| 035 |
|
|
|a wil6007436
|
| 035 |
|
|
|a (DLC)wil6007436
|
| 040 |
|
|
|a DLC
|b eng
|e rda
|c DLC
|
| 042 |
|
|
|a pcc
|
| 050 |
0 |
4 |
|a Q158.5
|b .B39 2020
|
| 082 |
0 |
0 |
|a 501/.51
|2 23
|
| 100 |
1 |
|
|a Bayin, Ş. Selçuk,
|d 1951-
|e author.
|
| 245 |
1 |
0 |
|a Essentials of mathematical methods in science and engineering /
|c Selçuk Ş. Bayın.
|
| 250 |
|
|
|a Second edition.
|
| 264 |
|
1 |
|a Hoboken, NJ :
|b John Wiley & Sons, Inc.,
|c 2020.
|
| 264 |
|
4 |
|c ©2020
|
| 300 |
|
|
|a 1 online resource (xxx, 925 pages)
|
| 336 |
|
|
|a text
|b txt
|2 rdacontent
|
| 337 |
|
|
|a computer
|b c
|2 rdamedia
|
| 338 |
|
|
|a online resource
|b cr
|2 rdacarrier
|
| 504 |
|
|
|a Includes bibliographical references and index.
|
| 588 |
|
|
|a Description based on online resource; title from digital title page (viewed on February 13, 2020).
|
| 650 |
|
0 |
|a Science
|x Mathematics.
|
| 650 |
|
0 |
|a Science
|x Methodology.
|
| 650 |
|
0 |
|a Engineering mathematics.
|
| 655 |
|
4 |
|a Electronic books.
|
| 776 |
0 |
8 |
|i Print version:
|a Bayin, Ş. Selçuk, 1951-
|t Essentials of mathematical methods in science and engineering
|b Second edition.
|d Hoboken, NJ : Wiley, 2020.
|z 9781119580249
|w (DLC) 2019027661
|
| 856 |
4 |
0 |
|u http://proxy.library.tamu.edu/login?url=https://onlinelibrary.wiley.com/book/10.1002/9781119580294
|z Connect to the full text of this electronic book
|t 0
|
| 955 |
|
|
|a Wiley EBA record
|
| 975 |
|
|
|p Wiley UBCM Full Collection 2026
|
| 999 |
f |
f |
|s b187264e-a8d5-4183-a50a-b2189efa513d
|i ed5f5211-2bc7-4fa5-bfa1-a150fdf08c9d
|t 0
|
| 952 |
f |
f |
|a Texas A&M University
|b College Station
|c Electronic Resources
|s evans_pda
|d Available Online
|t 0
|e Q158.5 .B39 2020
|h Library of Congress classification
|
| 998 |
f |
f |
|a Q158.5 .B39 2020
|t 0
|l Available Online
|